000
00262nam a2200109Ia 4500
008
230907s9999||||xx |||||||||||||| ||und||
082
_a
5.82
_b
STI
100
_a
Stinson, Douglas R.
_9
8890
245
0
_a
Cryptography :
300
_a
xvii, 580 pages :
942
_c
BK
999
_c
600422
_d
600422